Introducción a la lógica / (Record no. 28318)

MARC details
000 -LEADER
campo de control de longitud fija 00890nam a2200229 i 4500
001 - NÚMERO DE CONTROL
campo de control 28318
003 - IDENTIFICADOR DE NÚMERO DE CONTROL
campo de control ES-MaACL
005 - FECHA Y HORA DE LA ÚLTIMA TRANSACCIÓN
campo de control 20240529163418.0
007 - CAMPO FIJO DE DESCRIPCIÓN FÍSICA--INFORMACIÓN GENERAL
campo de control de longitud fija t|
008 - DATOS DE LONGITUD FIJA--INFORMACIÓN GENERAL
campo de control de longitud fija 030117s1883 sp ||||1| spa d
100 1# - ENTRADA PRINCIPAL--NOMBRE DE PERSONA
Nombre de persona Bain, Alexander.
9 (RLIN) 24726
245 10 - MENCIÓN DEL TÍTULO
Título Introducción a la lógica /
Mención de responsabilidad, etc. por Alexander Bain ; traducción de Alfonso Ordax...
260 ## - PUBLICACIÓN, DISTRIBUCIÓN, ETC.
Lugar de publicación, distribución, etc. Madrid :
Nombre del editor, distribuidor, etc. [s.n.],
Fecha de publicación, distribución, etc. 1883 (
Fabricante Imp. de Diego Pacheco)
300 ## - DESCRIPCIÓN FÍSICA
Extensión 91 p. ;
Dimensiones 17 cm.
650 #4 - PUNTO DE ACCESO ADICIONAL DE MATERIA--TÉRMINO DE MATERIA
Término de materia o nombre geográfico como elemento de entrada Lógica.
9 (RLIN) 14693
700 1# - ENTRADA AGREGADA--NOMBRE PERSONAL
Nombre de persona Ordax, Alfonso.
9 (RLIN) 87172
852 ## - LOCALIZACIÓN
Ubicación ES-MaACL
Número de control de estantería FOLL-Laf-575
itemnumber 29388
Ubicación en estantería Depósito folletos
Marcas de propiedad Sello en tinta en portada: "Ateneo de Madrid. Legado M. de la Fuente"
-- Sello en tinta en portada: "Ateneo de Madrid. Biblioteca"
Donativo/Legado Legado: M. de la Fuente
903 ## - NOMBRE PERSONAL DE DONANTE
9 69535
a Lafuente, Modesto,
d 1806-1866
e Donante
q 1
942 ## - ELEMENTOS DE ENTRADA SECUNDARIOS (KOHA)
Fuente del sistema de clasificación o colocación Clasificación decimal universal
Tipo de ítem Koha Folleto
Holdings
Estatus retirado Estado de pérdida Fuente del sistema de clasificación o colocación Estado de daño No para préstamo Colección Biblioteca de origen Biblioteca actual Ubicación en estantería Fecha de adquisición Fuente de adquisición Total de préstamos Signatura topográfica completa Código de barras Visto por última vez Precio de reemplazo Tipo de ítem Koha
    Clasificación decimal universal     Colección de folletos Biblioteca del Ateneo de Madrid Biblioteca del Ateneo de Madrid Depósito folletos 17/01/2008 Legado   FOLL-Laf-575 1029232 23/02/2023 23/02/2023 Folleto